Goya a la Mejor Película - Estadísticas

Estadísticas generales
  • Esta prueba ha sido intentada 495 veces
    28 desde el último reinicio
  • La puntuación promedio es 17 de 41
Estadísticas de respuestas
Año Película % Correcto
2004 Mar adentro
92%
2025 Los domingos
88%
1988 Mujeres al borde de un ataque de nervios
88%
1999 Todo sobre mi madre
84%
2006 Volver
76%
1992 Belle Époque
72%
2022 As Bestas
68%
2024 La infiltrada
68%
2014 La isla mínima
64%
2009 Celda 211
60%
2024 El 47
60%
2019 Dolor y gloria
56%
1990 ¡Ay, Carmela!
52%
2023 La sociedad de la nieve
52%
2010 Pa negre (Pan negro)
52%
1996 Tesis
52%
2020 Las niñas
44%
2012 Blancanieves
40%
2018 Campeones
40%
2021 El buen patrón
40%
2002 Los lunes al sol
40%
2000 El Bola
36%
2001 Los Otros
36%
2011 No habrá paz para los malvados
36%
2017 La Librería
32%
2003 Te doy mis ojos
28%
2008 Camino
24%
1987 El bosque animado
24%
1995 Nadie hablará de nosotras cuando hayamos muerto
24%
1986 El viaje a ninguna parte
20%
1998 La niña de tus ojos
20%
2016 Tarde para la ira
20%
2013 Vivir es fácil con los ojos cerrados
20%
1991 Amantes
16%
1997 La buena estrella
16%
1994 Días contados
12%
1989 El sueño del mono loco
12%
2015 Truman
12%
2007 La Soledad
8%
2005 La vida secreta de las palabras
8%
1993 Todos a la cárcel
8%
No se encontraron pruebas coincidentes
Distribución de puntuación
Porcentaje de gente con cada puntuación
Porcentaje por número respondido
Historial de tus puntuaciones
No has intentado esta prueba desde el último reinicio